000 00915nam a22002297a 4500
001 EIF-VIII-2013-M1-003
003 OSt
005 20221221082312.0
008 221221b |||||||| |||| 00| 0 eng d
040 _aFundación Jesús Pereda
_cFundación Jesús Pereda
041 _aCastellano
100 _uUniversidad de Alcalá
_aMoreno Cantano, Antonio César
_9519
111 _aEncuentro de Investigadores del Franquismo
_c(Barcelona.
_d2013.
_n8º)
_9100
245 _a"Libros como armas":
_bpropaganda y literatura religiosa en España
_f1936-1939
_c/Antonio César Moreno Cantano
650 0 _9109
_aGuerra civil
650 0 _9606
_aLibros
650 0 _9179
_aPropaganda
650 0 _9132
_aIglesia católica
773 _tActas del VIII Encuentro de Investigadores del Franquismo
856 _uhttps://bibliotecaccoocyl.fundacionjesuspereda.es/cgi-bin/koha/opac-retrieve-file.pl?id=f5880f6832cbcac3fc0332540169edfe
942 _2ddc
_cCF
_n0
999 _c418
_d418